000 00623nam a2200181Ia 4500
008 090123s9999 xx 000 0 und d
082 _b16974
100 _aकालेलकर मधुसूदन
245 _aचांदणे शिंपीत जा
250 _a3
260 _bमॅजेस्टिक प्रकाशन
_c1984
300 _a95
600 _aकालेलकर मधुसूदन
630 _aचांदणे शिंपीत जा
700 _aकालेलकर मधुसूदन
730 _aचांदणे शिंपीत जा
942 _cBOOK
999 _c55034
_d55034